01278nam a22003137a 4500003000900000005001700009008003700026020001500063040002200078082001600100100002200116245019500138260006800333300003000401490003200431700002900463700002600492700002400518700002800542700003400570700003800604830003100642910001100673942001200684945003300696952017600729956004200905999001700947DO-SdBNP20171206095718.0161031b 1996 xxu a 00| 0 spa d a0673769690 aBPMSUbspacBPMSU axxxxbB985u1 aButler, Elizabeth10a¡Una sorpresa! /cElizabeth Butler ; ilustrado Melissa Bay Mathis ; adaptación Vivian Cuesta ; traducción Olivia Ruiz, Patricia Almada, Lourdes Davis Machado, Roni Capin Rivera Ashford. aEstados Unidos : bCelebration Press, bScott Foresman, c1996. a16 p. : bil. ; c18 cm. 1 aPequeñitas celebraciones 12aBay Mathis, Melissaeil.12aCuesta, Vivianeadap.12aRuiz, Oliviaetrad.12aAlmada, Patriciaetrad.12aDavis Machado, Lourdesetrad.12aRivera Ashford, Roni Capinetrad. 0aPequeñitas celebraciones a000144 2ddccBK ainventariado extranjero / DG 00102ddc40708CI-GaBPMETbBPMETd2017-11-03eDonado por la Biblioteca Infantil Juvenil República Dominicanal0oxxxx B985upBPMSU17110037r2017-11-03w2017-11-03yBK 2YLOCKWARD3108BPMSUaYngrid Lockward c12756d12756